Algoritmy na dekódovanie náhodného lineárneho kódu

Uložené v:
Podrobná bibliografia
Hlavný autor: Kiska, Peter (Autor)
Ďalší autori: Fabšič, Tomáš (Vedúci práce)
Médium: Rukopis Kniha
Jazyk:Slovak
Vydavateľské údaje: Bratislava : STU v Bratislave FEI, 2020
Predmet:
On-line prístup:https://opac.crzp.sk/?fn=detailBiblioForm&sid=81B8C7E3C61A011F1239311BFB16&seo=CRZP-detail-kniha
Tagy: Pridať tag
Žiadne tagy, Buďte prvý, kto otaguje tento záznam!

MARC

LEADER 00000ntm a22000003a 4500
001 stuzp71514
003 SK-STU
005 20200715141650.9
007 ta
008 150427s2015----xo-----f-mn---000-0-slo-d
040 |a STU  |b slo 
041 0 |a slo 
044 |a xo 
100 1 |a Kiska, Peter  |u 035000  |4 aut  |U FEI Fakulta elektrotechniky a informatiky  |T FEI Ústav informatiky a matematiky  |X 74713  |U E050  |Y 816  |7 74713 
242 0 1 |a Algorithms for decoding random linear codes  |y eng 
245 1 0 |a Algoritmy na dekódovanie náhodného lineárneho kódu 
260 |a Bratislava : 
260 |b STU v Bratislave FEI, 
260 |c 2020 
300 |a 59 s. 
650 4 |a dekódovanie pomocou informačnej množiny  |2 slo 
650 4 |a Sternov algoritmus  |2 slo 
650 4 |a lineárny kód  |2 slo 
650 4 |a post-kvantová kryptografia  |2 slo 
650 4 |a dekódovací algoritmus  |2 slo 
650 4 |a linear code  |2 eng 
650 4 |a post-quantum cryptography  |2 eng 
650 4 |a Stern's algorithm  |2 eng 
650 4 |a Information set decoding  |2 eng 
650 4 |a decoding algorithm  |2 eng 
700 1 |a Fabšič, Tomáš  |u 035000  |k Z1  |4 ths  |U FEI Fakulta elektrotechniky a informatiky  |T FEI Ústav informatiky a matematiky  |X 63826  |U E050  |Y 816  |7 63826 
856 4 |u https://opac.crzp.sk/?fn=detailBiblioForm&sid=81B8C7E3C61A011F1239311BFB16&seo=CRZP-detail-kniha